00899nam a2200229Ii 45000010005000000030009000050080041000140400033000550410008000880820016000961000039001122450015001512640059001663000012002253360026002373370028002633380027002919400050003189990017003689520142003859520142005275683CO-ViMGA241108s9999||||xx |||||||||||||| ||und|| aCO-ViMGAbspaerdacCO-ViMGA0 aunk04a842.4-M721a1 aJean Pocquelin de Moliére95529010a avaro 1a[Lugar de publicación no identificado] : Andes, 1979 avolumen atextbtxt2rdacontent aunmediatedbn2rdamedia avolumebnc2rdacarrier aidficha_siabuc: 5537. -- ficha_no_siabuc:5683 c52770d52770 001040708001aMEVIGERRbMEVIGERRcGENd2006-11-27hVol.1o842.4-M721apECA4839r2024-11-26 10:09:28tEj.1w2024-11-26yBKz5537 | 7790 001040708001aMEVIGERRbMEVIGERRcGENd2006-11-27hVol.1o842.4-M721apECA4838r2024-11-26 10:09:28tEj.1w2024-11-26yBKz5537 | 7789